01070naa a22002897a 4500001001000000003000900010005001700019007000300036008003400039040005400073041000900127072002000136100001600156100001800172100001600190100002200206100001900228111008200247245012700329260003800456500011200494650001000606650001300616650001400629650002800643773010900671BR7900215BR-BrBNA20240918174302.0ta230509b bl.||||| |||| 00| 0 por d aBR-BrBNAbporcBiblioteca Nacional de Agricultura a(Pt) aF30b0120bG5141 aPereira, P.1 aMagnavaca, R.1 aLemos, M.A.1 aToledo, J.F.F. de1 aSilva, A.E. da1 a11. Reuniao Brasileira de Milho e SorgocPiracicaba, SP (Brazil)d26 Jul 19761 aApresentacao de dados obtidos do ensaio nacional do milho do ano agricola de 1974/1975 [Zea mays, competicao de variedade]3 aPiracicaba, SP (Brasil): c1978.  aAnais da 11. Reuniao Brasileira de Milho e Sorgo Piracicaba, SP (Brasil): 1978. p. 27-33 (BR7900215-AM)F30  aMILHO aLINHAGEM aVARIEDADE aCOMPETICAO DE VARIEDADE0 tAnais da 11. Reuniao Brasileira de Milho e SorgowF30 BR7900215gPiracicaba, SP (Brasil), 1978. p. 27-33